[Event "Challenge"]
[Site "http://www.queenalice.com/game.php?id=404838"]
[Date "2008.5.18"]
[Round "-"]
[White "samuelrodrigues"]
[Black "Cristianopesoa"]
[Result "0-1"]
[WhiteElo "1275"]
[BlackElo "1666"]

1. e4 e5 2. Nf3 Nc6 3. Bb5 a6 4. Bxc6 dxc6 5. Ng1 Nf6 6. c3 Bc5 7. d4 exd4 8.
cxd4 Bxd4 9. Bg5 Bg4 10. f3 Bxb2 11. Qxd8+ Rxd8 12. Nd2 Bxa1 13. fxg4 Bc3 14.
Bxf6 gxf6 15. Nh3 Bxd2+ 16. Ke2 Bc3 17. Rc1 Be5 0-1

[Event "AUTO-INT-907"]
[Site "http://www.queenalice.com/game.php?id=404839"]
[Date "2008.5.18"]
[Round "1"]
[White "samuelrodrigues"]
[Black "erdnaxela"]
[Result "0-1"]
[WhiteElo "1281"]
[BlackElo "1533"]

1. e4 e5 2. b3 Nf6 3. Nc3 Nc6 4. Bb5 a6 5. Ba4 b5 6. Bxb5 axb5 7. a4 Nd4 8. f3
Bb4 9. Nxb5 Nxb5 10. axb5 Rxa1 11. g3 Ba3 12. Ne2 c6 13. Bxa3 Rxd1+ 14. Kxd1 Qa5
15. f4 Nxe4 16. b4 Qxa3 17. b6 Nf2+ 18. Ke1 Qa1+ 19. Kxf2 Qxh1 20. d3 Qxh2+ 21.
Kf3 exf4 22. Nxf4 Qxc2 23. Ke3 Qb3 24. Ne2 O-O 25. Nd4 Re8+ 26. Kf2 Qxd3 27. b5
Qxd4+ 28. Kf3 Qe3+ 29. Kg4 d6+ 30. Kh4 Re4+ 31. g4 Rxg4+ 32. Kh5 Qg5# 0-1

[Event "AUTO-INT-907"]
[Site "http://www.queenalice.com/game.php?id=404841"]
[Date "2008.5.18"]
[Round "1"]
[White "samuelrodrigues"]
[Black "ecanunes"]
[Result "0-1"]
[WhiteElo "1286"]
[BlackElo "1905"]

1. e4 c5 2. f4 e6 3. b3 Qf6 4. c3 Qxf4 5. Ba3 Qh4+ 6. g3 Qxe4+ 7. Be2 Qxh1 8.
Kf1 Qxh2 9. Bb5 a6 10. Be2 Nf6 11. g4 Ne4 12. Bd3 Qf2# 0-1

[Event "AUTO-INT-907"]
[Site "http://www.queenalice.com/game.php?id=404843"]
[Date "2008.5.18"]
[Round "1"]
[White "samuelrodrigues"]
[Black "Dcanti"]
[Result "0-1"]
[WhiteElo "1249"]
[BlackElo "1588"]

1. e4 f5 2. Bc4 Nf6 3. d3 e6 4. b4 Bxb4+ 5. Bd2 Nc6 6. c3 Bd6 7. Qh5+ g6 8. Qd1
Nh5 9. h3 Nf4 10. g3 Nh5 11. exf5 exf5 12. f3 Nxg3 13. Rh2 Be5 14. d4 Bd6 15.
Rg2 Nh5 0-1

[Event "AUTO-INT-907"]
[Site "http://www.queenalice.com/game.php?id=404844"]
[Date "2008.5.18"]
[Round "1"]
[White "Dcanti"]
[Black "samuelrodrigues"]
[Result "1-0"]
[WhiteElo "1590"]
[BlackElo "1247"]

1. d4 d5 2. Nc3 Nc6 3. Nf3 e6 4. a3 g5 5. Bxg5 Qxg5 6. Nxg5 e5 7. Nxd5 Nxd4 8.
Nxc7+ Kd8 9. Nxa8 f6 10. Ne4 Bf5 11. f3 Ne7 12. Nxf6 Bxc2 13. Qd2 h5 14. e3 Bg7
15. exd4 1-0

[Event "AUTO-OPEN-1136"]
[Site "http://www.queenalice.com/game.php?id=405109"]
[Date "2008.5.19"]
[Round "1"]
[White "rsgaspar"]
[Black "samuelrodrigues"]
[Result "1-0"]
[WhiteElo "1785"]
[BlackElo "1266"]

1. e4 e5 2. Nf3 Nc6 3. Bc4 a5 4. a3 d6 5. c3 g6 6. h3 Nf6 7. d3 h6 8. Qb3 a4 9.
Bxf7+ Ke7 10. Qa2 b5 11. Bxg6 Rg8 12. Nh4 Be6 13. c4 bxc4 14. dxc4 Nxe4 15. Bxe4
d5 16. cxd5 Bxd5 17. Bxd5 Ra6 18. Nf5+ Ke8 19. Bxg8 h5 20. Qf7# 1-0

[Event "AUTO-OPEN-1136"]
[Site "http://www.queenalice.com/game.php?id=405110"]
[Date "2008.5.19"]
[Round "1"]
[White "samuelrodrigues"]
[Black "rsgaspar"]
[Result "0-1"]
[WhiteElo "1283"]
[BlackElo "1810"]

1. e4 e5 2. Bc4 Bc5 3. Bxf7+ Kxf7 4. Qh5+ Kf8 5. Qxe5 Qe7 6. Qxe7+ Nxe7 7. h4
Ke8 8. g4 d6 9. Na3 Bxg4 10. Nb5 Kd7 11. b3 a6 12. Nxd6 Bxd6 13. d4 Nbc6 14. d5
Nd4 15. f3 Nxf3+ 16. Kf1 Raf8 17. Nxf3 Bxf3 18. Rg1 Bxe4+ 19. Ke1 Be5 20. Bg5
Bxa1 21. c4 Bc3+ 22. Ke2 Rf5 23. c5 Nxd5 24. a4 Bd4 25. b4 Rf2+ 26. Ke1 Rhf8 27.
a5 Bc2 28. Rg4 Bc3+ 29. Bd2 Bxd2# 0-1

[Event "AUTO-OPEN-1136"]
[Site "http://www.queenalice.com/game.php?id=405133"]
[Date "2008.5.19"]
[Round "1"]
[White "Gerd"]
[Black "samuelrodrigues"]
[Result "1-0"]
[WhiteElo "1910"]
[BlackElo "1264"]

1. d4 d5 2. b4 Nc6 3. c3 g6 4. h3 Nf6 5. Nf3 Bf5 6. Nbd2 b5 7. Nh4 Ne4 8. Nxf5
gxf5 9. Nxe4 dxe4 10. Bf4 h5 11. e3 a5 12. Bxb5 1-0

[Event "AUTO-OPEN-1136"]
[Site "http://www.queenalice.com/game.php?id=405134"]
[Date "2008.5.19"]
[Round "1"]
[White "samuelrodrigues"]
[Black "Gerd"]
[Result "0-1"]
[WhiteElo "1262"]
[BlackElo "1912"]

1. e4 e5 2. Qh5 Qf6 3. Bb5 Bc5 4. Nf3 Bd6 5. h4 a6 6. Ba4 b5 7. Bb3 g6 8. Qg4
Nh6 9. Qh3 Bc5 10. Nc3 c6 11. Ng5 O-O 0-1

[Event "AUTO-OPEN-1136"]
[Site "http://www.queenalice.com/game.php?id=405149"]
[Date "2008.5.19"]
[Round "1"]
[White "samuelrodrigues"]
[Black "edchernobyl"]
[Result "0-1"]
[WhiteElo "1286"]
[BlackElo "2228"]

1. d4 Nf6 2. e3 e6 3. Nf3 c5 4. dxc5 Bxc5 5. Nc3 d5 6. Nd2 O-O 7. Bd3 Nc6 8. h4
d4 9. exd4 Qxd4 10. h5 Qxf2# 0-1

[Event "AUTO-OPEN-1136"]
[Site "http://www.queenalice.com/game.php?id=405150"]
[Date "2008.5.19"]
[Round "1"]
[White "edchernobyl"]
[Black "samuelrodrigues"]
[Result "0-1"]
[WhiteElo "1911"]
[BlackElo "1253"]

1. e4 e5 2. Nf3 Nc6 3. Nc3 Nf6 4. d4 exd4 5. Nxd4 Bb4 6. Nxc6 dxc6 7. Qxd8+ Kxd8
8. Bd3 Be6 9. O-O h5 10. Bf4 Bxc3 11. bxc3 b5 12. a4 bxa4 13. Rxa4 Ke8 14. Bxc7
c5 15. Ba6 g5 16. Bb7 Rd8 17. Bc6+ Ke7 0-1

[Event "AUTO-INT-908"]
[Site "http://www.queenalice.com/game.php?id=405295"]
[Date "2008.5.19"]
[Round "1"]
[White "xavimg"]
[Black "samuelrodrigues"]
[Result "1-0"]
[WhiteElo "1685"]
[BlackElo "1257"]

1. e4 e5 2. f4 Qh4+ 3. g3 exf4 4. gxh4 d6 5. Nc3 Nf6 6. d4 Bg4 7. Be2 Na6 8.
Bxg4 b5 9. Bxf4 b4 10. Nb5 c6 11. Nxd6+ Bxd6 12. e5 Bxe5 13. Bxe5 Ne4 14. Qf3
Nac5 15. dxc5 Nxc5 16. Qxc6+ Ke7 17. Qd6+ Ke8 18. Qxc5 Rd8 19. Qc6+ Kf8 20. Qc7
Re8 21. Kf2 f6 22. Bd6+ Kg8 23. Qd7 h6 24. Qxe8+ Kh7 25. Bf5+ g6 26. Qf7# 1-0

[Event "AUTO-INT-908"]
[Site "http://www.queenalice.com/game.php?id=405296"]
[Date "2008.5.19"]
[Round "1"]
[White "samuelrodrigues"]
[Black "xavimg"]
[Result "0-1"]
[WhiteElo "1255"]
[BlackElo "1694"]

1. e4 e5 2. Qh5 Nc6 3. Qxf7+ Kxf7 4. Bc4+ Ke8 5. d3 Nd4 6. Nh3 Nxc2+ 7. Kf1 Nxa1
8. Bg5 Nf6 9. Nc3 h6 10. Bd2 d5 11. exd5 Bxh3 12. gxh3 Nc2 13. Bb5+ Kf7 14. Ba4
Nb4 15. a3 Nxd3 16. Nb5 a6 17. Nc3 Nxd5 18. Be3 Nxe3+ 19. Ke2 Nc4 20. Rf1 Ndxb2
21. Rb1 Qd3+ 22. Ke1 Qxc3+ 23. Kf1 Nd2+ 24. Kg1 Nxb1 25. h4 Bc5 26. Bd1 Qd2 27.
Bh5+ g6 28. Bf3 Qxf2+ 29. Kh1 Qg1# 0-1

[Event "AUTO-INT-908"]
[Site "http://www.queenalice.com/game.php?id=405305"]
[Date "2008.5.19"]
[Round "1"]
[White "samuelrodrigues"]
[Black "grazo"]
[Result "0-1"]
[WhiteElo "1284"]
[BlackElo "1428"]

1. e4 d6 2. Qh5 Nf6 3. Bb5+ c6 4. Qxf7+ Kxf7 5. Ba4 d5 6. e5 b5 7. exf6 bxa4 8.
d3 exf6 9. a3 Bc5 10. Bd2 Re8+ 11. Kf1 Qb6 12. h4 Bxf2 13. Nh3 Bxh4 14. Nc3 Bxh3
15. gxh3 Qf2# 0-1

[Event "AUTO-INT-908"]
[Site "http://www.queenalice.com/game.php?id=405306"]
[Date "2008.5.19"]
[Round "1"]
[White "grazo"]
[Black "samuelrodrigues"]
[Result "1-0"]
[WhiteElo "1468"]
[BlackElo "1274"]

1. c4 c5 2. g3 Nf6 3. d4 Qa5+ 4. Bd2 Qb6 5. Bc3 cxd4 6. Bxd4 Qa5+ 7. Nc3 Ne4 8.
Bg2 Nxc3 9. Bxc3 Qh5 10. Nh3 a5 11. Nf4 Qh6 12. Nd5 Ra6 13. Nc7+ Kd8 14. Nxa6
bxa6 15. Bxa5+ Ke8 16. O-O Qh5 17. Qa4 Qxe2 18. Qb3 g5 19. Bc3 f5 20. Bxh8 f4
21. Bf3 Qe5 22. Bxe5 fxg3 23. Bh5+ Kd8 24. Qb6# 1-0

[Event "QA-ANNIV-04"]
[Site "http://www.queenalice.com/game.php?id=418470"]
[Date "2008.6.16"]
[Round "1"]
[White "samuelrodrigues"]
[Black "claudiopsi"]
[Result "0-1"]
[WhiteElo "1262"]
[BlackElo "2076"]

1. e3 e5 2. Bc4 d5 3. Bb3 Nf6 4. Ba4+ Bd7 5. c3 Bd6 6. f3 O-O 7. Kf1 e4 8. fxe4
Nxe4 9. b3 b5 10. d3 Nc5 0-1

[Event "Invitation"]
[Site "http://www.queenalice.com/game.php?id=418652"]
[Date "2008.6.16"]
[Round "-"]
[White "samuelrodrigues"]
[Black "aureliano"]
[Result "0-1"]
[WhiteElo "1260"]
[BlackElo "1382"]

1. e3 e6 2. b3 Qf6 3. Bd3 Nh6 4. h4 c5 5. f3 Bd6 6. c4 Qxa1 7. Nc3 a6 8. Ne4 Bc7
9. Rh3 Nc6 10. Nc3 Nf5 0-1